Deadly dinosaurs / Rosie Rowntree ; illustrated by ... Read More
Available copies
- 0 of 1 copy available at LARL/NWRL Consortium.
- 0 of 1 copy available at Lake Agassiz Regional Library. (Show preferred library)
Current holds
0 current holds with 1 total copy.
Show Only Available Copies
| Location | Call Number / Copy Notes | Barcode | Shelving Location | Status | Due Date |
|---|---|---|---|---|---|
| Moorhead Public Library | J 567.9 ROW (Text) | 33500014381552 | New | Checked out | 07/08/2026 |
Record details
- ISBN: 9781835696620
- ISBN: 1835696627
- Physical Description: 32 pages : chiefly illustrations (color) ; 24 cm.
- Publisher: Truro : Hungry Tomato, 2026.
Content descriptions
| Formatted Contents Note: | The world of dinosaurs -- Types of dinosaurs -- ... Read More |
| Summary, etc.: | "An illustrated guide to 25 of the world's ... Read More |
Search for related items by subject
| Subject: | Animal defenses > Pictorial works > Juvenile literature. Dinosaurs > Pictorial works > Juvenile literature. |
Search for related items by series
| LDR | 02375cam a2200421 i 4500 | ||
|---|---|---|---|
| 001 | 488291 | ||
| 003 | LARL_NWRL_CONSORTIUM | ||
| 005 | 20260521165637.0 | ||
| 008 | 260318s2026 enka j 001 0 eng d | ||
| 007 | t| | ||
| 040 | . | ‡aSRB ‡beng ‡erda ‡cSRB ‡dTWA ‡dCHILD | |
| 020 | . | ‡a9781835696620 ‡qlibrary binding | |
| 020 | . | ‡a1835696627 | |
| 035 | . | ‡a(OCoLC)1579838475 | |
| 082 | . | ‡a567.9 ‡223 | |
| 100 | 1 | . | ‡aRowntree, Rosie, ‡eauthor. |
| 245 | 1 | 0. | ‡aDeadly dinosaurs / ‡cRosie Rowntree ; illustrated by Marina Halak. |
| 264 | 1. | ‡aTruro : ‡bHungry Tomato, ‡c2026. | |
| 300 | . | ‡a32 pages : ‡bchiefly illustrations (color) ; ‡c24 cm. | |
| 336 | . | ‡atext ‡2rdacontent | |
| 336 | . | ‡astill image ‡2rdacontent | |
| 337 | . | ‡aunmediated ‡2rdamedia | |
| 338 | . | ‡avolume ‡2rdacarrier | |
| 490 | 0 | . | ‡aHungry tomato. Dinosaurs |
| 505 | 0 | 0. | ‡aThe world of dinosaurs -- Types of dinosaurs -- Deadly dinosaurs -- Tyrannosaurus rex -- Deinonychus -- Spinosaurus -- Allosaurus -- Compsognathus -- Coelphysis -- Carcharodontosaurus -- Helicoprion -- Microraptor -- Stenonychosaurus -- Velociraptor -- Liopleurodon -- Albertosaurus -- Dakotaraptor -- Ceratosaurus -- Giganotosaurus ; Plesiosaurus -- Rugops -- Dilophosaurus -- Baryonyx -- Carnotaurus -- Majungasaurus -- Sinornithosaurus -- Dracorex -- Mapusaurus -- Did you know? -- Dino discovery! -- Which deadly dino is this? -- Glossary -- Index. |
| 520 | . | ‡a"An illustrated guide to 25 of the world's deadliest dinosaurs. Calling all dino lovers! This book is packed with dangerous dinos and some of the prehistoric world's most fearsome species. From the terrifying T. rex to the spectacular Spinosaurus, discover what makes each dinosaur unique, and use the rating system to see how each dino ranks for size, speed, and deadliness."--Back cover. | |
| 650 | 0. | ‡aAnimal defenses ‡vPictorial works ‡vJuvenile literature. | |
| 650 | 0. | ‡aDinosaurs ‡vPictorial works ‡vJuvenile literature. | |
| 700 | 1 | . | ‡aHalak, Marina, ‡eartist. |
| 901 | . | ‡a488291 ‡bAUTOGEN ‡c488291 ‡tbiblio | |

Add to basket
Permalink
Disable Highlighting